书目信息 |
| 题名: |
说唱常用曲调集
|
|
| 作者: | 谈敬德 整理 | |
| 分册: | ||
| 出版信息: | 上海 上海文艺出版社 1979 |
|
| 页数: | 384页 | |
| 开本: | 19cm | |
| 丛书名: | ||
| 单 册: | ||
| 中图分类: | J644 | |
| 科图分类: | ||
| 主题词: | 说唱音乐-旋律--选集 , 旋律-说唱音乐--选集 | |
| 电子资源: | ||
| ISBN: | ||
| 000 | 00641nam0 2200229 45 | |
| 001 | 0179002554 | |
| 005 | 20060914094835.56 | |
| 010 | @dCNY1.10 | |
| 091 | @a8078.3100 | |
| 100 | @a19950724d1979 em y0chiy0121 ea | |
| 101 | 0 | @achi |
| 102 | @aCN@b310000 | |
| 105 | @ag z 000yy | |
| 200 | 10 | @a说唱常用曲调集@Ashuo chang chang yong qu diao ji@f谈敬德等整理@Ftan jing de deng zheng li |
| 210 | @a上海@c上海文艺出版社@d1979 | |
| 215 | @a384页@d19cm | |
| 606 | @a说唱音乐-旋律@x选集 | |
| 606 | @a旋律-说唱音乐@x选集 | |
| 690 | @aJ644@v3 | |
| 701 | 0 | @a谈敬德@Atan jing de@4整理 |
| 801 | 0 | @aCN@bTSSF@c20060914 |
| 905 | @a10447@dJ644@e34 | |
| 说唱常用曲调集/谈敬德等整理.-上海:上海文艺出版社,1979 |
| 384页;19cm |
| ISBN :CNY1.10 |
| ● |
| 相关链接 |
|
|
|
|
正题名:说唱常用曲调集
索取号:J644/34
 
预约/预借
| 序号 | 登录号 | 条形码 | 馆藏地/架位号 | 状态 | 备注 |
| 1 | 0029116 | 202228703 | 密集书库/ [索取号:J644/34] | 在馆 | |
| 2 | 0466841 | 204668412 | 密集书库/ [索取号:J644/34] | 在馆 | |
| 3 | 0473312 | 204733128 | 密集书库/ [索取号:J644/34] | 在馆 |